000 00607nam a2200229Ia 4500
003 OSt
005 20221007065323.0
006 a|||||r|||| 00| 0
007 ta
008 221006b |||||||| |||| 00| 0 eng d
024 _a12,774
037 _cTextual
040 _aFLL
_cFLL
_beng
041 _2eng
_aeng
082 _aV498:1:N5, K9;3
100 _aRahul Ram
_9106230
245 0 _aGovernment and politics of Tibet
260 _aDelhi
_bVikas Publications India
_c1969
300 _a160p
_ccm.
942 _hV498:1:N5, K9;3
_cTEXL
_2CC
999 _c1136979
_d1136979